Noticia necrológica de Máximo Laguna y Villanueva / (Record no. 26375)

MARC details
000 -LEADER
campo de control de longitud fija 00694nam a2200205 i 4500
001 - NÚMERO DE CONTROL
campo de control 26375
003 - IDENTIFICADOR DE NÚMERO DE CONTROL
campo de control ES-MaACL
005 - FECHA Y HORA DE LA ÚLTIMA TRANSACCIÓN
campo de control 20240422215903.0
007 - CAMPO FIJO DE DESCRIPCIÓN FÍSICA--INFORMACIÓN GENERAL
campo de control de longitud fija t|
008 - DATOS DE LONGITUD FIJA--INFORMACIÓN GENERAL
campo de control de longitud fija 030109q1902 sp ||||1| spa d
100 1# - ENTRADA PRINCIPAL--NOMBRE DE PERSONA
Nombre de persona Artigas y Teixidor, Primitivo.
9 (RLIN) 23476
245 10 - MENCIÓN DEL TÍTULO
Título Noticia necrológica de Máximo Laguna y Villanueva /
Mención de responsabilidad, etc. por Primitivo Artigas y Teixidor.
260 ## - PUBLICACIÓN, DISTRIBUCIÓN, ETC.
Lugar de publicación, distribución, etc. Madrid :
Nombre del editor, distribuidor, etc. [s.n.,
Fecha de publicación, distribución, etc. 1902?]
300 ## - DESCRIPCIÓN FÍSICA
Extensión 5 h., 1 lám. ;
Dimensiones 24 cm.
500 ## - NOTA GENERAL
Nota general Es Separata de: Anales de la Soc. Esp. de Histª. Nat., tomo XXX, 1902, pp. 311-320.
600 14 - PUNTO DE ACCESO ADICIONAL DE MATERIA--NOMBRE DE PERSONA
Nombre de persona Laguna, Máximo,
Fechas asociadas al nombre 1826-1902
9 (RLIN) 69621
852 ## - LOCALIZACIÓN
Ubicación ES-MaACL
Número de control de estantería Fol-Laf-199
852 ## - LOCALIZACIÓN
Ubicación ES-MaACL
Número de control de estantería T-1040-F-13
Holdings
Estatus retirado Estado de pérdida Estado de daño No para préstamo Colección Biblioteca de origen Biblioteca actual Ubicación en estantería Fecha de adquisición Fuente de adquisición Total de préstamos Signatura topográfica completa Código de barras Visto por última vez Precio de reemplazo Tipo de ítem Koha
        Colección de folletos Biblioteca del Ateneo de Madrid Biblioteca del Ateneo de Madrid Depósito folletos 17/01/2008     T-1040-F-13 1027222 23/02/2023 23/02/2023 Folleto
        Colección de folletos Biblioteca del Ateneo de Madrid Biblioteca del Ateneo de Madrid Depósito folletos 17/01/2008     Fol-Laf-199 1027221 23/02/2023 23/02/2023 Folleto